Blood on the Clocktower Demons - Statistics

General Stats
  • This quiz has been taken 10 times
    8 since last reset
  • The average score is 15 of 19
Answer Stats
Hint Answer % Correct
Bad Moon Rising Po
100%
Sects and Violets No Dashii
88%
Sects and Violets Fang Gu
88%
Trouble Brewing Imp
88%
Experimental/Carousel Lil' Monsta
88%
Experimental/Carousel Lleech
88%
Bad Moon Rising Shabaloth
88%
Sects and Violets Vortox
88%
Bad Moon Rising Zombuul
88%
Experimental/Carousel Legion
75%
Experimental/Carousel Leviathan
75%
Bad Moon Rising Pukka
75%
Sects and Violets Vigormortis
75%
Experimental/Carousel Al-Hadikia
63%
Experimental/Carousel Kazali
63%
Experimental/Carousel Lord Of Typhon
63%
Experimental/Carousel Riot
63%
Experimental/Carousel Ojo
50%
Experimental/Carousel Yaggababble
50%
No matching quizzes found
Score Distribution
Percent of People with Each Score
Percentile by Number Answered
Your Score History
You have not taken this quiz since the last reset